000 01394nab a22002657a 4500
999 _c5999
_d5999
003 OSt
005 20260115221136.0
008 190605e xxu||||| |||| 00| 0 spa d
040 _cPJ
100 _96813
_aIanovsky, Verónica L.
245 1 3 _aLa libertad sindical como derecho fundamental. El caso SUTEPA y los estándares internacionales /
_cVerónica L. Ianovsky, Priscila Ibáñez.
260 _aCiudad Autónoma de Buenos Aires :
_bThomson Reuters La Ley,
_c2025.
300 _ap. 89-94
500 _aCita Online: Cita: TR LALEY AR/DOC/366/2025.
505 _aSumario: I. Introducción.— II. El modelo sindical argentino y las normas internacionales.— III. La controversia del caso.— IV. Conclusiones.
505 _aFallo comentado: CS ~ 17/09/2024 ~ Sindicato Unido de Trabajadores y Empleados del PAMI SUTEPA c. Instituto Nacional de Servicios Sociales para Jubilados y Pensionados s/ juicio.
505 _t¿Te interesa el texto completo? Solicitalo al correo: koha@justierradelfuego.gov.ar
650 0 _94583
_aDERECHOS SINDICALES
650 0 _91367
_aASOCIACIONES SINDICALES
650 0 _91461
_aLIBERTAD SINDICAL
650 0 _91371
_aPERSONERIA GREMIAL
700 _96175
_aIbañez, Priscila
773 0 _02711
_93168
_dCiudad Autónoma de Buenos Aires : Thomson Reuters La Ley, 1999-2002.
_tRevista de derecho del trabajo. Nº 2 - Marzo 2025
942 _2udc
_cANA